000 01182nam2a2200265 4500
001 RU\NLR\bibl\1932873
005 20250616202546.0
010 _a978-5-7422-3521-7
_9500
021 _aRU
_b2012-51704
_93776
035 _a(NLR Aleph) 001922217
090 _a3321691
_c3321691
100 _a20120809d2012 |||y0rusy50 ca
101 0 _arus
102 _aRU
105 _aa |||||||||
200 0 _aЧ. 1
210 _d2012
_aБ. м.
215 _a555 с.
_cил., карт.
320 _aБиблиогр.: с. 548-549
461 0 _1001RU\NLR\bibl\1951522
_12001#$aОрганизация работы с одаренными учащимися (опыт Ленинградской области)$vЧ. 1
_93560830
_cСанкт-Петербург
_d2012
_fРос. акад. естеств. наук
_nИзд-во Политехнического университета
_oнаучно-методическое пособие
_tОрганизация работы с одаренными учащимися (опыт Ленинградской области)
_vЧ. 1
801 0 _aRU
_bNLR
_c20120809
_gRCR
801 1 _aRU
_bNLR
_c20120809
942 _cBOOK
980 _aNB